Największe miasto w Polsce na każdą literę - Statystyki

Ogólne statystyki
  • Ten quiz został rozwiązany 2 440 razy
  • Średni wynik to 15 z 26
Statystyki odpowiedzi
Hint Odpowiedź % Poprawnych
W Warszawa
87%
K Kraków
86%
B Bydgoszcz
84%
G Gdańsk
82%
Ł Łódź
78%
P Poznań
75%
L Lublin
74%
C Częstochowa
73%
S Szczecin
72%
E Elbląg
71%
A Augustów
69%
T Toruń
68%
R Radom
63%
O Olsztyn
62%
I Inowrocław
53%
Z Zabrze
52%
D Dąbrowa Górnicza
51%
F Frombork
43%
U Ustka
37%
Ż Żory
37%
Ć Ćmielów
35%
N Nowy Sącz
35%
Ś Świdnica
29%
H Hajnówka
26%
M Mysłowice
24%
J Jastrzębie Zdrój
23%
Nie znaleziono quizów pasujących do podanych kryteriów
Rozkład punktacji
Procent ludzi z każdym wynikiem
Percentyl według liczby udzielonych odpowiedzi
Twoja historia wyników
Nie rozwiązałeś tego quizu